000 00380nam a22001337a 4500
005 20260323115946.0
008 260323b |||||||| |||| 00| 0 eng d
040 _cFLL
041 _2eng
_aeng
100 _aSingh, Sukhjeet
_91137578
245 _aAnalysis of Laws Regarding Victimology in the Criminal Justice System
260 _aDU
_bFaculty of Law
_c2022
942 _2CC
_cDIS
999 _c1726380
_d1726380